Statistics for Countries with largest Jewish population

Click here to take the quiz!

General Stats

  • This quiz has been taken 62 times
  • The average score is 9 of 10

Answer Stats

PopAnswer% Correct
6millIsrael
100%
5.4millUSA
100%
380000Canada
95%
290000UK
95%
478000France
93%
118000Germany
92%
190000Russia
88%
113000Australia
80%
95000Brazil
69%
182000Argentina
66%

Score Distribution

Percentile by Number Answered

Percent of People with Each Score

Your Score History

You have not taken this quiz